Bundesliga: 200+ Matches (2000-) - Statistics

General Stats
  • This quiz has been taken 7 times
  • The average score is 113 of 221
Answer Stats
Ranking Player Positions Nationality Matches Goals (assists) Periods Clubs % Correct
218 Arjen Robben MF, FW 201 99 (51) 2009-2019
100%
145 Ivica Olić FW 236 72 (24) 2006-2016
100%
48 Miroslav Klose FW 304 120 (53) 2000-2011
100%
138 Serge Gnabry DF, MF, FW 242 91 (39) 2016-2025
100%
139 Sven Ulreich GK 242 0 (0) 2007-2008, 2009-2019, 2021-2025
100%
81 Alexander Meier MF, FW 276 93 (27) 2001-2002, 2003-2004, 2005-2010, 2012-2018
80%
68 Andrej Kramarić MF, FW 286 126 (54) 2015-2025
80%
201 André Schürrle MF, FW 207 50 (31) 2009-2012, 2014-2018
80%
26 Christian Günter DF, MF 346 13 (42) 2012-2014, 2016-2025
80%
4 Claudio Pizarro FW 465 187 (57) 2000-2006, 2008-2020
80%
16 Daniel Caligiuri DF, MF, FW 372 51 (43) 2009-2023
80%
179 Daniel Van Buyten DF 219 27 (3) 2004-2014
80%
54 David Alaba DF, MF 298 25 (27) 2009-2021
80%
187 Dayot Upamecano DF 214 8 (8) 2016-2025
80%
182 Florian Grillitsch DF, MF 216 7 (17) 2015-2021, 2023-2025
80%
85 Franck Ribéry MF, FW 273 85 (94) 2007-2019
80%
164 Frank Baumann DF, MF 228 10 (11) 2000-2009
80%
23 Halil Altıntop MF, FW 351 67 (29) 2003-2010, 2013-2017
80%
149 Jakub Błaszczykowski MF 235 28 (34) 2007-2014, 2016-2019
80%
107 Jeffrey Gouweleeuw DF 258 7 (9) 2015-2025
80%
53 Jonathan Schmid DF, MF 299 35 (34) 2010-2023
80%
56 Joshua Kimmich DF, MF 295 29 (71) 2015-2025
80%
21 Julian Brandt MF, FW 354 70 (74) 2013-2025
80%
34 Kevin Trapp GK 325 0 (0) 2010-2014, 2018-2025
80%
169 Kingsley Coman MF, FW 227 46 (41) 2015-2025
80%
55 Leon Goretzka MF 296 49 (36) 2013-2025
80%
221 Leroy Sané MF, FW 200 51 (45) 2013-2015, 2020-2025
80%
35 Lukáš Hrádecký GK 323 0 (0) 2015-2025
80%
30 Łukasz Piszczek DF, MF 332 19 (40) 2007-2021
80%
1 Manuel Neuer GK 523 0 (0) 2006-2025
80%
147 Marcel Sabitzer DF, MF, FW 236 39 (27) 2016-2025
80%
9 Marco Reus MF, FW 391 156 (95) 2009-2024
80%
33 Mario Gómez FW 328 170 (28) 2003-2012, 2016-2019
80%
37 Mario Götze MF, FW 317 66 (55) 2009-2019, 2022-2025
80%
5 Mats Hummels DF 442 33 (17) 2006-2024
80%
13 Matthias Ginter DF, MF 380 22 (14) 2011-2025
80%
15 Maximilian Arnold MF 375 44 (40) 2011-2025
80%
18 Naldo DF 358 46 (13) 2005-2009, 2011-2019
80%
158 Neven Subotić DF 232 16 (2) 2006-2007, 2008-2017, 2019-2020
80%
3 Oliver Baumann GK 489 0 (2) 2009-2025
80%
123 Oliver Kahn GK 251 0 (0) 2000-2008
80%
148 Pál Dárdai MF 236 15 (11) 2000-2010
80%
131 Péter Gulácsi GK 246 0 (1) 2016-2025
80%
10 Philipp Lahm DF, MF 385 14 (40) 2003-2017
80%
12 Robert Lewandowski FW 384 312 (56) 2010-2022
80%
20 Roman Weidenfeller GK 355 0 (0) 2000-2018
80%
19 Sebastian Rudy MF 358 17 (38) 2008-2023
80%
8 Stefan Kießling MF, FW 403 144 (51) 2002-2003, 2004-2018
80%
2 Thomas Müller MF, FW 503 150 (174) 2008-2025
80%
190 Timo Horn GK 214 0 (0) 2014-2017, 2019-2021, 2024-2025
80%
27 Vedad Ibišević FW 344 127 (39) 2006-2007, 2008-2021
80%
88 Vincenzo Grifo MF, FW 273 66 (64) 2012-2013, 2016-2025
80%
168 Willi Orban DF 228 26 (3) 2011-2012, 2016-2025
80%
61 Yann Sommer GK 291 0 (1) 2014-2023
80%
156 Yussuf Poulsen MF, FW 233 49 (22) 2016-2025
80%
79 Zé Roberto DF, MF 277 27 (73) 2000-2005, 2007-2011
80%
198 Alassane Pléa MF, FW 209 58 (38) 2018-2025
60%
125 André Hahn MF, FW 250 49 (24) 2012-2023
60%
199 Anthony Modeste FW 209 85 (14) 2013-2016, 2019-2023
60%
29 Bastian Schweinsteiger DF, MF 342 45 (58) 2002-2015
60%
141 Benedikt Höwedes DF 240 12 (4) 2007-2017
60%
153 Bernd Leno GK 233 0 (0) 2011-2018
60%
17 Christian Schulz DF, MF 358 23 (8) 2002-2016
60%
89 Christoph Kramer MF 271 10 (6) 2013-2024
60%
32 Clemens Fritz DF, MF 331 7 (20) 2003-2004, 2005-2017
60%
52 Daniel Baier MF 301 6 (16) 2003-2004, 2007-2008, 2009-2010, 2011-2020
60%
215 Dante DF 202 12 (2) 2008-2016
60%
38 David Jarolím MF 316 17 (28) 2001-2012
60%
104 Diego Benaglio GK 259 0 (0) 2007-2017
60%
59 Eric Maxim Choupo-Moting MF, FW 292 64 (23) 2007-2008, 2009-2016, 2020-2024
60%
126 Filip Kostić DF, FW 249 35 (58) 2014-2023
60%
7 Gonzalo Castro DF, MF 420 38 (63) 2004-2018, 2020-2022
60%
165 Håvard Nordtveit DF, MF 228 10 (10) 2009-2015, 2017-2022
60%
39 Jérôme Boateng DF 314 5 (18) 2006-2009, 2011-2021
60%
83 Jonas Hofmann MF, FW 275 53 (53) 2012-2025
60%
41 Jonathan Tah DF 307 15 (8) 2013-2014, 2015-2025
60%
212 Julian Weigl DF, MF 203 6 (5) 2015-2019, 2022-2025
60%
188 Karim Onisiwo MF, FW 214 33 (23) 2015-2025
60%
97 Kevin Kampl MF 267 13 (19) 2014-2025
60%
86 Kevin Kurányi FW 273 111 (46) 2001-2009, 2015-2016
60%
78 Kevin Volland MF, FW 277 80 (49) 2012-2019, 2023-2025
60%
74 Koen Casteels GK 283 0 (1) 2012-2024
60%
14 Lars Stindl MF, FW 376 85 (56) 2007-2008, 2010-2023
60%
67 Leonardo Bittencourt MF, FW 287 32 (32) 2012-2020, 2022-2025
60%
172 Lewis Holtby MF 225 26 (27) 2009-2012, 2014-2017, 2024-2025
60%
160 Lucas Höler MF, FW 231 42 (16) 2017-2025
60%
195 Lukas Podolski MF, FW 210 70 (33) 2003-2004, 2005-2012
60%
11 Makoto Hasebe DF, MF 384 7 (19) 2007-2024
60%
109 Marcel Schmelzer DF 258 3 (20) 2008-2020
60%
203 Marius Wolf DF, MF, FW 207 14 (19) 2015-2025
60%
204 Maximilian Mittelstädt DF, MF, FW 207 5 (24) 2015-2025
60%
42 Max Kruse MF, FW 307 97 (70) 2007-2008, 2010-2011, 2012-2018, 2020-2023
60%
91 Michael Gregoritsch MF, FW 270 59 (21) 2015-2025
60%
157 Mitchell Weiser DF, MF, FW 232 19 (38) 2011-2012, 2013-2020, 2022-2025
60%
70 Nico Elvedi DF 285 15 (8) 2015-2025
60%
92 Niklas Stark DF, MF 270 9 (2) 2012-2013, 2015-2025
60%
65 Niklas Süle DF 288 16 (10) 2012-2025
60%
105 Nuri Şahin MF 259 22 (32) 2005-2006, 2008-2010, 2012-2020
60%
100 Ömer Toprak DF 263 7 (2) 2009-2021
60%
134 Oscar Wendt DF, MF 244 16 (14) 2011-2021
60%
24 Patrick Herrmann DF, MF, FW 351 47 (43) 2009-2024
60%
115 Pavel Kadeřábek DF, FW 256 14 (28) 2015-2025
60%
176 Per Mertesacker DF 221 19 (7) 2003-2012
60%
31 Rafinha DF 332 12 (32) 2005-2009, 2011-2019
60%
161 Ralf Fährmann GK 230 0 (0) 2008-2011, 2013-2018, 2020-2021, 2022-2023
60%
118 Rani Khedira DF, MF 255 9 (6) 2013-2014, 2016-2025
60%
209 Raphaël Guerreiro DF, MF 205 37 (41) 2016-2025
60%
196 Roman Bürki GK 210 0 (0) 2014-2022
60%
120 Ron-Robert Zieler GK 254 0 (0) 2010-2015, 2017-2018, 2020-2021
60%
40 Sebastian Kehl DF, MF 313 23 (16) 2000-2015
60%
155 Sebastian Rode MF 233 15 (11) 2010-2011, 2012-2016, 2018-2024
60%
66 Simon Rolfes MF 288 41 (27) 2005-2015
60%
152 Thorgan Hazard DF, MF, FW 234 43 (47) 2014-2024
60%
102 Timothy Chandler DF, MF 262 13 (18) 2010-2025
60%
111 Timo Werner MF, FW 257 102 (39) 2013-2019, 2022-2024
60%
95 Tim Wiese GK 269 0 (0) 2002-2013
60%
129 Tony Jantschke DF, MF 247 5 (7) 2008-2024
60%
51 Torsten Frings MF 302 41 (35) 2000-2011
60%
175 Waldemar Anton DF, MF 222 8 (9) 2015-2016, 2017-2018, 2020-2025
60%
82 Yannick Gerhardt DF, MF, FW 276 20 (23) 2014-2025
60%
49 Aaron Hunt MF, FW 303 56 (39) 2004-2018
40%
80 Ádám Szalai FW 276 54 (18) 2009-2022
40%
205 Alexander Schwolow GK 206 0 (1) 2013-2014, 2016-2025
40%
62 Andreas Beck DF, MF 290 5 (18) 2005-2014, 2017-2019
40%
130 Arne Friedrich DF 246 15 (12) 2002-2011
40%
46 Bastian Oczipka DF, FW 304 3 (36) 2010-2022
40%
159 Bernd Schneider DF, MF 231 32 (56) 2000-2009
40%
43 Cacau FW 306 89 (33) 2001-2014
40%
170 Cédric Makiadi MF 225 17 (14) 2004-2006, 2009-2015
40%
6 Christian Gentner MF 430 46 (39) 2004-2015, 2017-2021
40%
144 Davie Selke FW 238 46 (12) 2013-2014, 2016-2024
40%
93 Dedê DF 269 11 (32) 2000-2011
40%
44 Dominik Kohr DF, MF 306 11 (14) 2011-2025
40%
192 Dominique Heintz DF 211 4 (2) 2011-2012, 2015-2024
40%
119 Eugen Polanski MF 254 14 (13) 2004-2006, 2009-2018
40%
25 Frank Rost GK 347 1 (0) 2000-2011
40%
63 Gerald Asamoah MF, FW 290 46 (31) 2000-2010, 2012-2013
40%
69 Hans-Jörg Butt GK 286 9 (0) 2000-2006, 2008-2012
40%
36 Heiko Westermann DF, MF 318 26 (9) 2005-2015
40%
163 Jiří Štajner MF, FW 229 42 (22) 2002-2010
40%
122 John Brooks DF 252 14 (5) 2013-2024
40%
166 Jonas Hector DF, MF 228 12 (19) 2014-2017, 2019-2023
40%
99 Josip Šimunić DF 263 4 (4) 2000-2011
40%
116 Julian Baumgartlinger DF, MF 255 7 (9) 2011-2023
40%
140 Karim Bellarabi DF, MF, FW 241 37 (42) 2011-2023
40%
22 Kevin Vogt DF, MF 353 4 (11) 2008-2009, 2012-2025
40%
113 Lars Bender DF, MF 256 22 (26) 2009-2021
40%
60 Levan Kobiashvili DF, MF 292 23 (23) 2000-2001, 2003-2009, 2011-2012, 2013-2014
40%
146 Lúcio DF 236 22 (8) 2000-2009
40%
133 Luiz Gustavo DF, MF 245 15 (9) 2008-2017
40%
108 Manuel Friedrich DF 258 16 (3) 2003-2014
40%
137 Marcell Jansen DF, MF 242 25 (19) 2004-2015
40%
84 Marcelo Bordon DF 274 24 (12) 2000-2010
40%
110 Marcel Schäfer DF, MF 257 13 (26) 2003-2004, 2007-2017
40%
47 Marco Russ DF, MF 304 24 (10) 2005-2019
40%
142 Martin Harnik MF, FW 240 67 (22) 2007-2008, 2010-2015, 2017-2020
40%
189 Mehdi Mahdavikia DF, MF 214 21 (43) 2000-2009
40%
75 Mike Hanke FW 283 57 (22) 2001-2014
40%
135 Mladen Krstajić DF 243 16 (9) 2000-2009
40%
76 Nicolas Höfler MF 280 9 (14) 2013-2014, 2016-2025
40%
117 Nikolče Noveski DF 255 8 (1) 2004-2006, 2009-2015
40%
57 Nils Petersen MF, FW 295 89 (20) 2008-2009, 2011-2014, 2016-2023
40%
124 Oliver Neuville FW 251 64 (38) 2000-2006, 2008-2010
40%
136 Peter Pekarík DF 243 4 (10) 2008-2010, 2013-2023
40%
87 Raphael Schäfer GK 273 0 (0) 2001-2002, 2004-2007, 2009-2014
40%
94 René Adler GK 269 0 (1) 2006-2010, 2012-2018
40%
184 Ridle Baku DF, MF, FW 216 22 (22) 2017-2025
40%
128 Sascha Riether DF, MF 248 10 (11) 2003-2004, 2007-2011, 2014-2016, 2018-2019
40%
151 Sergej Barbarez MF, FW 234 76 (49) 2000-2008
40%
73 Stefan Bell DF 284 13 (10) 2012-2018, 2020-2025
40%
50 Steve Cherundolo DF 302 6 (14) 2002-2014
40%
98 Sven Bender DF, MF 265 8 (5) 2009-2021
40%
90 Theodor Gebre Selassie DF, MF, FW 271 23 (13) 2012-2021
40%
150 Tim Borowski MF 235 32 (23) 2001-2012
40%
58 Timo Hildebrand GK 295 0 (0) 2000-2006, 2008-2009, 2011-2015
40%
194 Yunus Mallı MF, FW 211 36 (25) 2011-2021
40%
71 Alexander Madlung DF 284 29 (2) 2002-2015
20%
202 Christian Träsch DF, MF 207 5 (15) 2007-2017
20%
186 Christian Wörns DF 214 13 (6) 2000-2008
20%
162 Christoph Dabrowski MF 229 19 (13) 2000-2001, 2002-2010
20%
112 Dennis Aogo DF, MF 256 3 (23) 2004-2005, 2008-2019
20%
191 Diego Klimowicz FW 213 70 (21) 2001-2010
20%
106 Fabian Ernst MF 258 12 (21) 2000-2009
20%
200 Fabian Johnson DF, MF 208 18 (22) 2009-2020
20%
177 Fabian Lustenberger DF, MF 220 3 (3) 2007-2009, 2011-2012, 2013-2019
20%
28 Hanno Balitsch MF 343 20 (9) 2001-2014
20%
143 Janik Haberer DF, MF, FW 239 18 (15) 2016-2025
20%
216 Jaroslav Drobný GK 202 0 (0) 2006-2016, 2018-2019
20%
217 Javier Pinola DF 202 5 (7) 2005-2007, 2009-2014
20%
181 Josuha Guilavogui DF, MF 218 9 (6) 2014-2024
20%
132 Konstantin Rausch DF, MF 245 13 (20) 2007-2018
20%
193 Koo Ja-cheol MF 211 28 (11) 2010-2019
20%
180 Marcel Maltritz DF, MF 219 8 (3) 2000-2004, 2006-2010
20%
154 Martin Stranzl DF, MF 233 13 (6) 2000-2005, 2010-2016
20%
77 Marvin Plattenhardt DF, MF 278 8 (36) 2010-2023
20%
72 Maximilian Eggestein MF 284 16 (21) 2014-2025
20%
167 Mike Frantz MF, FW 228 14 (10) 2009-2014, 2016-2020
20%
185 Miroslav Karhan MF 215 9 (18) 2001-2006, 2009-2011
20%
114 Nadiem Amiri MF, FW 256 27 (30) 2014-2025
20%
213 Nelson Valdez FW 203 38 (16) 2002-2009, 2014-2015
20%
127 Paul Freier MF 249 29 (42) 2000-2001, 2002-2010
20%
208 Per Ciljan Skjelbred MF 205 2 (11) 2011-2020
20%
101 Pirmin Schwegler MF 262 7 (20) 2006-2010, 2012-2019
20%
64 Raffael MF, FW 290 83 (45) 2007-2009, 2011-2020
20%
45 Robin Knoche DF 306 16 (7) 2011-2024
20%
197 Sérgio Pinto MF, FW 210 21 (15) 2002-2003, 2006-2013
20%
96 Simon Jentzsch GK 268 0 (0) 2000-2007, 2011-2013
20%
103 Tranquillo Barnetta MF 260 29 (41) 2004-2015
20%
173 Vladimír Darida MF 224 22 (30) 2013-2023
20%
214 Yıldıray Baştürk MF 203 30 (27) 2000-2010
20%
219 Carsten Ramelow DF, MF 200 12 (8) 2000-2008
0%
171 Christian Tiffert MF 225 13 (26) 2000-2005, 2007-2008, 2010-2012
0%
174 Daniel Brosinski DF, MF, FW 222 11 (23) 2008-2009, 2014-2022
0%
211 Dennis Diekmeier DF, MF 203 0 (13) 2009-2018
0%
220 Jan Rosenthal MF, FW 200 24 (9) 2006-2013, 2015-2017
0%
207 Marcelinho Paraíba MF, FW 205 76 (59) 2001-2008
0%
210 Markus Feulner MF 204 15 (12) 2001-2003, 2005-2006, 2009-2017
0%
183 Patrick Ochs DF, MF 216 4 (17) 2005-2014
0%
178 Peer Kluge MF 220 15 (14) 2001-2007, 2009-2011, 2013-2014
0%
206 Philipp Bargfrede MF 206 6 (8) 2009-2021
0%
121 Thorben Marx MF 253 11 (18) 2000-2014
0%
No matching quizzes found
Score Distribution
Percent of People with Each Score
Percentile by Number Answered
Your Score History
You have not taken this quiz